<?xml version="1.0" encoding="UTF-8"?>
<record
    xmlns:xsi="http://www.w3.org/2001/XMLSchema-instance"
    xsi:schemaLocation="http://www.loc.gov/MARC21/slim http://www.loc.gov/standards/marcxml/schema/MARC21slim.xsd"
    xmlns="http://www.loc.gov/MARC21/slim">

  <leader>008210000a22001210004500</leader>
  <datafield tag="773" ind1="0" ind2=" ">
    <subfield code="t">Perfiles: revista de la comunidad acad&#xE9;mica UDES</subfield>
  </datafield>
  <datafield tag="100" ind1="1" ind2=" ">
    <subfield code="a">Castillo Villabona, Lyda Patricia</subfield>
  </datafield>
  <datafield tag="245" ind1="1" ind2="0">
    <subfield code="a">Una mirada a la academia y la investigaci&#xF3;n en ambientes virtuales: sus caracter&#xED;sticas basadas en el uso de las tecnolog&#xED;as de la informaci&#xF3;n y la comunicaci&#xF3;n (TIC)</subfield>
  </datafield>
  <datafield tag="300" ind1=" " ind2=" ">
    <subfield code="a">Vol.0, n&#xFA;m.2 ( , 2005), P&#xE1;ginas 34-41</subfield>
  </datafield>
  <datafield tag="520" ind1=" " ind2=" ">
    <subfield code="a">Introducci&#xF3;n, TICS para apoyar el quehacer acad&#xE9;mico,la investigaci&#xF3;n en l&#xED;nea y la gesti&#xF3;n tecnol&#xF3;gica, Caracter&#xED;sticas de la Investigaci&#xF3;n En L&#xED;nea, Destrezas del Investigador para el uso de las TICS para la educaci&#xF3;n, la Investigaci&#xF3;n y la Gesti&#xF3;n Tecnol&#xF3;gica, Compiliaci&#xF3;n: Algunos resultados de estudios realizados.</subfield>
  </datafield>
  <datafield tag="650" ind1="1" ind2="4">
    <subfield code="a">EDUCACI&#xD3;N VIRTUAL</subfield>
  </datafield>
  <datafield tag="942" ind1=" " ind2=" ">
    <subfield code="c">ANA</subfield>
  </datafield>
  <datafield tag="952" ind1=" " ind2=" ">
    <subfield code="0">0</subfield>
    <subfield code="1">0</subfield>
    <subfield code="4">0</subfield>
    <subfield code="7">0</subfield>
    <subfield code="8">HEM</subfield>
    <subfield code="a">FUSBC</subfield>
    <subfield code="b">FUSBC</subfield>
    <subfield code="d">2016-01-26</subfield>
    <subfield code="l">0</subfield>
    <subfield code="o"> </subfield>
    <subfield code="r">2016-01-26 00:00:00</subfield>
    <subfield code="w">2016-01-26</subfield>
    <subfield code="y">ANA</subfield>
  </datafield>
  <datafield tag="999" ind1=" " ind2=" ">
    <subfield code="c">62568</subfield>
    <subfield code="d">62568</subfield>
  </datafield>
</record>
